000 00807nas a2200265 4500
001 BR8000272
003 BR-BrBNA
005 20231205084107.0
007 ta
008 230509b bl.|||p| |||| 00| 00por d
040 _aBR-BrBNA
_bpor
_cBiblioteca Nacional de Agricultura
041 _a(Pt)
072 _aL00
100 1 _aGrawunder, A.F.
100 1 _aMielitz Netto, C.G.A.
245 1 _aPecuaria de corte no sul do Brasil: que caminhos tomar
246 1 _a[Beef cattle in Southern Brazil: which ways to take]
650 _aProducao animal
650 _aPecuaria de Corte
650 _aManejo
650 _aSul
773 0 _tRevista de Economia Rural (Brazil)
_xISSN 0100-4905
_g(Oct 1979), v. 17(4) p. 119-136
_wBR8000272
909 _a202311
_bLúcia
_c55
_dLúcia Elande
942 _2AGRIS
_n0
_cANA
999 _c103099
_d103099